| 000 | 01551nam0a2200421 4500 | ||
|---|---|---|---|
| 001 | RU\NLR\bibl\351020 | ||
| 005 | 20250621153640.0 | ||
| 010 |
_a5-93809-001-7 _bВ пер. _9500 |
||
| 021 |
_aRU _b2002-48977 _92368 |
||
| 035 | _a(NLR Aleph) 000345742 | ||
| 090 |
_a244593 _c244593 |
||
| 100 | _a20021218d2002 |||y0rusy50 ca | ||
| 101 | 1 | _arus | |
| 102 | _aRU | ||
| 105 | _ac ||||||||| | ||
| 200 | 1 |
_aАлтайские героические сказания "Очи-Бала", "Кан-Алтын" _e(Аспекты текстологии и пер.) _fЗоя Казагачева _gИн-т алтаистики им. С. С. Суразакова |
|
| 210 |
_aГорно-Алтайск _cБ. и. _d2002 |
||
| 215 |
_a348,[1] с., [2] л. ил. _d20 |
||
| 320 | _aБиблиогр.: с. 332-348 | ||
| 605 |
_aОчи-Бала _2psbo |
||
| 605 |
_aКан-Алтын _2psbo |
||
| 606 | 0 |
_aЭпос алтайский _9933996 _3RU\NLR\auth\6625853 |
|
| 610 | 0 | _aАлтайский эпос - Текстология | |
| 610 | 0 | _aАлтайский край, фольклор | |
| 675 |
_a398(-512.151) _v3 _zrus |
||
| 686 |
_a17.71 _2rugasnti |
||
| 686 |
_a82.3(2Рос-Рус) _2rubbk |
||
| 686 | _aШ3(251.7=Алт)-611 | ||
| 700 | 1 |
_aКазагачева _bЗ. С. _gЗоя Сергеевна _4070 |
|
| 801 | 0 |
_aRU _bRKP _c20021218 _gPSBO |
|
| 801 | 1 |
_aRU _bRKP _c20021218 |
|
| 801 | 2 |
_aRU _bNLR _c20060418 _grcr |
|
| 852 |
_aNLR _bОНЛ _jАлт./3-903 |
||
| 942 | _cBOOK | ||
| 980 | _aNB | ||
| 980 | _aNBR | ||